000 00763nam a2200229 4500
001 178821
003 ES-MaACL
005 20251120183841.0
008 110712s2011 sp |||| |dspa d
020 _a978-84-204-0629-9
080 _a821.134.2-31"19"
080 _a929 Aguirre, Jesús, Duque de Alba (0:82)
100 1 _aVicent, Manuel.
_9114323
245 1 0 _aAguirre, el magnífico:
_b[retablo ibérico] /
_cManuel Vicent.
260 _a[Madrid] :
_bAlfaguara,
_c[2011]
300 _a256 p. ;
_c24 cm.
600 1 7 _aAguirre, Jesús,
_cDuque de Alba-
_vNovelas
_2
_9147318
852 _aES-MaACL
_9185685
_bR.146888
_jA-11338
_cDEPO1
_dOlim: N-4342
942 _2udc
_cMONOGRAFIA
999 _c178821
_d178821